Biblioteca

Primer Congreso Nacional Universitario por la Paz : Bogotá, mayo 1999 / Asociación Colombiana de Universidades; Instituto Colombiano para el Fomento de la Educación Superior (Registro nro. 42647)

Detalles MARC
000 -LÍDER
Campo fijo de descripción fija 012900000a22001690004500
001 - NÚMERO DE CONTROL
Campo de control 13692
041 0# - CÓDIGO DE IDIOMA
Código de idioma para texto/pista de sonido o título separado
082 04 - NÚMERO DE CLASIFICACIÓN DECIMAL DEWEY
Número de clasificación G 303.69 P9534p
245 10 - TÍTULO
Título del Material Primer Congreso Nacional Universitario por la Paz : Bogotá, mayo 1999 / Asociación Colombiana de Universidades; Instituto Colombiano para el Fomento de la Educación Superior
260 ## - PUBLICACIÓN, DISTRIBUCIÓN, ETC. (PIE DE IMPRENTA)
Lugar de publicación, distribución, etc. Bogotá : ICFES
300 ## - DESCRIPCIÓN FÍSICA
Extensión pag. var.
336 ## - CONTENT TYPE
Content type term texto
Content type code txt
Source rdacontent
337 ## - MEDIA TYPE
Source rdamedia
Media type term sin mediación
Media type code n
338 ## - CARRIER TYPE
Source rdacarrier
Carrier type term volumen
Carrier type code nc
505 00 - NOTA DE CONTENIDO
Nota de contenido con formato preestablecido TOMO I: - La educación para la paz - Violencia civil en Chiapas - Apuntes sobre la solución de conflictos en África - Desplazamiento forzado y conflicto social en Colombia - Construcción de la vida desde la guerra: realidad colombiana - Democracia, Economía y Paz - Diálogos ¿sobre cuál desarrollo? - La reforma agraria en las agendas para la búsqueda de soluciones al conflicto armado - Impacto económico positivo del narcotráfico en el sector agropecuario TOMO II: - Globalización y soberanía - Derechos humanos-Derecho humanitario - Hacia una pedagogía de la convivencia - Violencia contra la mujer - Lugar de la familia en la sociedad - La enseñanza de la bioética en la construcción de una ética civil - Universidad, política y paz
942 ## - TIPO DE MATERIAL (KOHA)
Tipo de Item KOHA Libros General
Existencias
Estado de Material Estado de Perdido Estado de Dañado No para Préstamo Colección Tomo Biblioteca de Origen Biblioteca Permanente Fecha de Adquisición Total de Préstamos Signatura Topográfica Código de Barras Última vez visto Ejemplar/Existencia Fecha de Remplazo Tipo de Material
        Colección General 1 Biblioteca FUSBC Biblioteca FUSBC 04/04/2006   G 303.69 P9534p 15925 12/12/2019 1 26/01/2016 Libros General
        Colección General 2 Biblioteca FUSBC Biblioteca FUSBC 04/04/2006   G 303.69 P9534p 15926 12/12/2019 1 26/01/2016 Libros General

Biblioteca FUSBC | Teléfono: (57+4) 349 88 10 Ext. 141| WhatsApp (+57) 3005338115 
E-mail: biblioteca@unisbc.edu.co | Calle 76 87-14 Robledo Palenque, Medellín, Colombia

Con tecnología Koha